00946nam a22002657a 4500003000400000005001700004008004100021040002600062082002500088100003100113245012900144250001200273260003000285300001900315365001700334650001700351650001500368650001600383650001600399650001500415700003900430942003800469999001500507952015800522OSt20250522195756.0250522b |||||||| |||| 00| 0 sp d acunsurocbespcanacap 21a. ed.a325.2 C352l aCastillo G., Manuel912620 aLa emigración internacional en Centro América: buna revisión de tendencias e impactos.cCastillo G., ManuelhFísico a1a. ed. aGuatemala:bFLACSO,c1996 a155p. ;c21cm. b1d25.00jgt 2Emigración 2Emigrantes 2Migración 2Inmigrantes 2Refugiados aPalma C., Slvia Irene coaut912621 2ddccBKe1a. ed.h325.2 C352ln0 c5179d5179 00102ddc40708NFICaCUMbCUMcGENd2025-05-22edonadofEstanteríag25.00i4381l0o325.2 C352lp56HB04381r2025-05-22 19:59:46tc. 1w2025-05-22yBK